| 000 | 00676nam a2200229 i 4500 | ||
|---|---|---|---|
| 001 | bgj | ||
| 100 | 1 | _aCRACE, Araminta | |
| 245 | 1 | 0 |
_aLanguage to Go : _bintermediate / _cAraminta Crace, Robin Wileman. |
| 260 |
_aHarlow, Essex : _bLongman, _c2002. |
||
| 300 |
_a128 pp : _bill. ; _c30 cm. |
||
| 505 | _aIncludes "Phrasebook". | ||
| 505 | _a"Language to Go Phrasebook" by Simon Greenall. | ||
| 650 | 9 |
_aEnglish language _xIntermediate |
|
| 655 | _aTextbooks for foreigners | ||
| 700 | 1 |
_aWILEMAN, Robin. _eco-author |
|
| 020 | _a0582771773 | ||
| 040 | _cBPK | ||
| 041 | 0 | _aeng | |
| 920 | _a0-582-77177-3 | ||
| 942 | _cKS | ||
| 008 | s uk f |000 0 eng | ||
| 999 |
_c49008 _d49008 |
||
| 856 |
_uhttp://koha.tu.koszalin.pl/cgi-bin/koha/opac-detail.pl?biblionumber=49008 _yKatalog online BPK |
||